000 00603nam a2200229Ia 4500
003 OSt
005 20220928130536.0
006 a|||||r|||| 00| 0
007 ta
008 220927b |||||||| |||| 00| 0 eng d
024 _a28658
037 _cTextual
040 _aSDCL
_cSDCL
_beng
041 _2eng
_aeng
082 _aX:9.2'N7, M1
100 _aKumar H L
_9354379
245 0 _aLabour management forms and precedents
260 _aNew Delhi
_bMetropolitan Book
_c1981
300 _axxi,428p
_ccm.
942 _hX:9.2'N7, M1
_cTEXL
_2CC
999 _c787000
_d787000